Invisible (Record no. 6627)

MARC details
005 - DATE AND TIME OF LATEST TRANSACTION
control field 20250709074047.0
020 ## - INTERNATIONAL STANDARD BOOK NUMBER
International Standard Book Number 978-0-099-59452-9
082 ## - DEWEY DECIMAL CLASSIFICATION NUMBER
Classification number 823 PAT
100 ## - MAIN ENTRY--PERSONAL NAME
Author name PATTERSON, J
245 ## - TITLE STATEMENT
Title Invisible
260 ## - PUBLICATION, DISTRIBUTION, ETC.
Place of publication, distribution, etc. London
Name of publisher, distributor, etc. Arrow Books
Date of publication, distribution, etc. 2015
300 ## - PHYSICAL DESCRIPTION
Extent 485p.
Dimensions 20cm
942 ## - ADDED ENTRY ELEMENTS (KOHA)
Source of classification or shelving scheme Dewey Decimal Classification
Koha item type Books
Holdings
Date last seen Total checkouts Full call number Barcode Cost, replacement price Price effective from Koha item type Lost status Source of classification or shelving scheme Damaged status Not for loan Withdrawn status Home library Current library Shelving location Date acquired Source of acquisition Cost, normal purchase price
07/09/2025   823p. MZA0002961 90000.00 07/09/2025 Books   Dewey Decimal Classification       CBE Mwanza CBE Mwanza General Collection 07/09/2025 Library Budget 30000.00